OECD opatrnější v předpovědích hospodářského růstu

Predpovede ekonomického rastu krajín združených v Organizácii pre hospodársku spoluprácu a rozvoj (OECD) v r.1995 podľa jej polročnej správy. Zníženie predpovedí kvôli nestabilite svetových finančných trhov. Inflačný vývoj v členských krajinách OECD. Vývoj základných ukazovateľov krajín OECD r.1994-...

ver descrição completa

Na minha lista:
Detalhes bibliográficos
Formato: Capítulo de Livro
Idioma:tcheco
Assuntos:
Tags: Adicionar Tag
Sem tags, seja o primeiro a adicionar uma tag!

MARC

LEADER 00000naa a2200000 4500
001 r019035
005 20221205102836.1
041 0 |a cze 
044 |a CZ 
245 1 0 |a OECD opatrnější v předpovědích hospodářského růstu 
520 |a Predpovede ekonomického rastu krajín združených v Organizácii pre hospodársku spoluprácu a rozvoj (OECD) v r.1995 podľa jej polročnej správy. Zníženie predpovedí kvôli nestabilite svetových finančných trhov. Inflačný vývoj v členských krajinách OECD. Vývoj základných ukazovateľov krajín OECD r.1994-1996 v tab. Zadlženosť krajín OECD vyjadrená v perc. HDP. 
610 2 0 |a rast hospodársky 
610 2 0 |a politika hospodárska 
610 2 0 |a tempo rastu hospodárskeho 
610 2 0 |a vývoj hospodársky 
610 2 0 |a ukazovatele ekonomické 
610 2 0 |a trh svetový 
610 2 0 |a krajiny vyspelé 
610 2 0 |a prognózy hospodárske 
610 2 0 |a OECD 
610 2 0 |a 1994-1996